000 01467nam a2200241Ia 4500
008 130821s1940 xxua gs mul
040 _aCo-BoUCM
_bspa
041 0 0 _aspa°aeng°apor°afre
245 0 0 _aHis girl friday
_c[DVD]
246 _aLuna nueva
_h[DVD]
260 _aWashington D.C. (Estados Unidos)
_bSony Pictures
_c1940
300 _a1 DVD
_bson. color
500 _aNo fué posible obtener copia del DVD.
508 _aDirección : Howard Hawks ; guión : Charles Lederer (Remake: Ben Hecht & Charles MacArthur)
511 _aCary Grant, Rosalind Russell, Ralph Bellamy, Gene Lockhart, Porter Hall, Ernest Truex, Cliff Edwards, Clarence Kolb, Roscoe Karns, Frank Jenks, Regis Toomey, Abner Biberman, Frank Orth, John Qualen, Helen Mack, Alma Kruger, Billy Gilbert, Pat West, Edwin Maxwell
520 _aSINOPSIS: Cuando Hildy Johnson, la mejor reportera del Morning Post, anuncia que va a dejar el periodismo para dedicarse a las labores del hogar junto a su estirado prometido, Walter Burns, editor del periódico y ex-marido de Hildy, utiliza todos los medios a su alcance para retenerla en el periódico y, de paso, para volver a conquistar su corazón.
546 _aAudio en alemán, inglés, español, italiano ; subtítulos en alemán, inglés, español, italiano
650 0 4 _aEntretenimiento
_926487
650 0 4 _aPeriodismo
_vDVD
_97909
650 0 4 _aPeriodistas
_vDVD
_921366
765 _aLuna nueva
942 _cMULTIMEDIA
_2LOCAL
_a11
_e1
999 _c63879
_d63879